000 00478nam a2200181Ia 4500
005 20250326125203.0
008 250326s9999 xx 000 0 und d
037 _aTextbook
040 _aFMSL
_beng
_cFMSL
041 _aeng
_2eng
084 _aX(Y3) L0
_qFMSL
100 _aBose A
_9257521
245 0 _aUrbanization in India
_cBose A
260 _aNew Delhi
_bNew Delhi, Academic
_c1970
300 _a389p
942 _cTB
_hX(Y3) L0
999 _c1276920
_d1276920